00971ntm a22002417a 450000500170000000800410001704000280005808200170008610000460010324501080014926000100025730000410026750001810030859000100048965000390049965300230053865500090056170000240057077700090059494200080060399900170061195201010062820170813130944.0170802s2014 xx a frb 000 0 eng d aEG-ScBUEbengcEG-ScBUE04222a624bBAG1 aAl Baghdady, Sherif Abdul Rahman Khaleel.13aAn integrated safety managment with construction management /cSherif Abdul Rahman Khaleel Al Baghdady. c2014. aviii, 72 p. :bill. (col.) ;c28 cm. aA dissertation submitted to the Faculty of engineering, the British University in Egypt, in partial fulfillment of the requirements of the bachelor degree in civil engineering. amanar 72BUEshvProjectsaCivil Engineering bENGCIVcAugust2017 vSPRO1 tNassar, Ayman.eths ASPRO 2ddc c25287d25259 00102ddc4070aMAINbMAINc2NDd2017-08-08l0o624 BAGp000046732r2025-07-15 00:00:00yPROJST